Statistics for Biggest Cities in the Confederate States in 1860

Click here to take the quiz!

General Stats

  • This quiz has been taken 5,150 times
  • The average score is 7 of 15

Answer Stats

1860 City Current % Correct
9,554Atlanta498,044
92%
37,910Richmond228,783
87%
168,675New Orleans391,006
83%
16,988Nashville669,053
77%
40,522Charleston136,208
76%
22,529Memphis650,618
72%
22,292Savannah145,862
60%
29,258Mobile189,572
43%
14,620Norfolk244,076
30%
12,493Augusta, GA196,939
21%
12,652Alexandria, VA160,530
21%
9,621Columbus, GA194,160
19%
9,552Wilmington122,607
16%
14,083Wheeling26,771
11%
18,266Petersburg, VA31,567
7%

Score Distribution

Percentile by Number Answered

Percent of People with Each Score

Your Score History

You have not taken this quiz